|
|
|
|
| LEADER |
00739nam a2200205ra 4500 |
| 001 |
c000055243 |
| 003 |
CARM |
| 005 |
00000000000000.0 |
| 008 |
851211s1944 enk 00000 eng d |
| 100 |
1 |
|
|a Laski, Harold J.
|q (Harold Joseph),
|d 1893-1950.
|
| 245 |
1 |
0 |
|a Faith, reason and civilisation :
|b an essay in historical analysis.
|
| 260 |
|
|
|a London :
|b Gollancz,
|c 1944.
|
| 300 |
|
|
|a 203 p.
|
| 650 |
|
0 |
|a Civilization.
|
| 650 |
|
0 |
|a Christianity.
|
| 650 |
|
0 |
|a Socialism.
|
| 650 |
|
0 |
|a Communism
|z Russia.
|
| 852 |
8 |
|
|b CARM
|h A2:AE16G0
|i A00324
|p 0057222
|f BK
|
| 999 |
f |
f |
|i 1f7537e7-f62a-5b91-bc0e-d8f8d74e2107
|s f79ff101-6de4-5505-b849-322c6759b821
|
| 952 |
f |
f |
|p Can circulate
|a CAVAL
|b CAVAL
|c CAVAL
|d CARM 1 Store
|e A00324
|f A2:AE16G0
|h Other scheme
|i book
|m 0057222
|